[Event "Kostroma Volga Cup"]
[Site "Kostroma"]
[Date "2007.07.11"]
[Round "11"]
[White "Voronin, Nikita"]
[Black "Maslov, Mikhail"]
[Result "1/2-1/2"]
[WhiteElo "2115"]
[BlackElo "2328"]
[PlyCount "31"]
[EventDate "2007.07.03"]
[EventType "tourn"]
[EventRounds "11"]
[EventCountry "RUS"]
[EventCategory "2"]
[SourceTitle "EXT 2010"]
[Source "ChessBase"]
[SourceDate "2010.11.25"]
[SourceVersion "1"]
[SourceVersionDate "2010.11.25"]
[SourceQuality "1"]

1. d4 Nf6 2. c4 e6 3. Nf3 b6 4. g3 Bb7 5. Bg2 Bb4+ 6. Bd2 a5 7. 0-0 0-0 8. a3 Be7 9. Nc3 Qc8 10. Qb3 d6 11. Bg5 h6 12. Bxf6 Bxf6 13. e4 Nd7 14. Rad1 Re8 15. Rfe1 Qb8 16. Qa4 1/2-1/2

[Event "Kostroma Volga Cup"]
[Site "Kostroma"]
[Date "2007.07.09"]
[Round "9"]
[White "Voronin, Nikita"]
[Black "Bezgodova, Svetlana"]
[Result "0-1"]
[WhiteElo "2115"]
[BlackElo "2266"]
[PlyCount "62"]
[EventDate "2007.07.03"]
[EventType "tourn"]
[EventRounds "11"]
[EventCountry "RUS"]
[EventCategory "2"]
[SourceTitle "EXT 2010"]
[Source "ChessBase"]
[SourceDate "2010.11.25"]
[SourceVersion "1"]
[SourceVersionDate "2010.11.25"]
[SourceQuality "1"]

1. d4 Nf6 2. c4 d6 3. Nf3 Nbd7 4. Bf4 c5 5. e3 g6 6. Nc3 Bg7 7. Be2 0-0 8. 0-0 b6 9. Bg3 Bb7 10. d5 a6 11. a4 Qc7 12. Nd2 Rad8 13. Qc2 e5 14. e4 Bc8 15. h3 Kh8 16. a5 Ng8 17. Rfb1 f5 18. f3 Bh6 19. Bf2 bxa5 20. Nb3 Ndf6 21. Nxa5 fxe4 22. fxe4 Rd7 23. Rf1 Rdf7 24. Nc6 Ne8 25. Qd3 Ne7 26. b4 cxb4 27. Nxe7 Qxe7 28. Na4 Qg5 29. Nb6 Rxf2 30. Rxf2 Qe3 31. Nxc8 Rxf2 0-1

[Event "Kostroma Volga Cup"]
[Site "Kostroma"]
[Date "2007.07.07"]
[Round "6"]
[White "Vorontsov, Nikolay"]
[Black "Voronin, Nikita"]
[Result "1/2-1/2"]
[WhiteElo "2299"]
[BlackElo "2115"]
[PlyCount "35"]
[EventDate "2007.07.03"]
[EventType "tourn"]
[EventRounds "11"]
[EventCountry "RUS"]
[EventCategory "2"]
[SourceTitle "EXT 2010"]
[Source "ChessBase"]
[SourceDate "2010.11.25"]
[SourceVersion "1"]
[SourceVersionDate "2010.11.25"]
[SourceQuality "1"]

1. e4 c5 2. Nf3 d6 3. d4 cxd4 4. Nxd4 Nf6 5. Nc3 a6 6. Be2 e6 7. a4 Qc7 8. 0-0 b6 9. f4 Bb7 10. Bf3 Nbd7 11. Qe2 Rc8 12. Be3 Be7 13. Rae1 0-0 14. Kh1 Nc5 15. Bf2 Rfe8 16. Bg3 Qd7 17. Qf2 d5 18. e5 1/2-1/2

[Event "RUS Central Region-ch"]
[Site "Tula "]
[Date "2007.03.23"]
[Round "7"]
[White "Savosto, Petr"]
[Black "Voronin, Nikita"]
[Result "1-0"]
[WhiteElo "2314"]
[BlackElo "2076"]
[PlyCount "29"]
[EventDate "2007.03.17"]
[EventType "swiss"]
[EventRounds "9"]
[EventCountry "RUS"]
[SourceTitle "EXT 2008"]
[Source "ChessBase"]
[SourceDate "2007.11.25"]
[SourceVersion "1"]
[SourceVersionDate "2007.11.25"]
[SourceQuality "1"]

1. d4 d5 2. Nc3 Nf6 3. Bg5 e6 4. e4 dxe4 5. Nxe4 Be7 6. Bxf6 Bxf6 7. Nf3 0-0 8. c3 b6 9. Bd3 Bb7 10. h4 Nd7 11. Nfg5 g6 12. f4 h6 13. Nf3 h5 14. Qa4 c5 15. Qxd7 1-0

[Event "RUS Central Region-ch"]
[Site "Tula "]
[Date "2007.03.17"]
[Round "1"]
[White "Tishin, Petr"]
[Black "Voronin, Nikita"]
[Result "1-0"]
[WhiteElo "2407"]
[BlackElo "2076"]
[PlyCount "45"]
[EventDate "2007.03.17"]
[EventType "swiss"]
[EventRounds "9"]
[EventCountry "RUS"]
[SourceTitle "EXT 2008"]
[Source "ChessBase"]
[SourceDate "2007.11.25"]
[SourceVersion "1"]
[SourceVersionDate "2007.11.25"]
[SourceQuality "1"]

1. e4 c5 2. Nf3 d6 3. d4 cxd4 4. Nxd4 Nf6 5. Nc3 a6 6. Be2 Qc7 7. 0-0 b5 8. Nd5 Nxd5 9. exd5 g6 10. a4 b4 11. a5 Bg7 12. Be3 Bb7 13. Qd2 0-0 14. Bf3 Qc4 15. Ra4 Nd7 16. Rxb4 Qc7 17. Nc6 Ne5 18. Nxe5 Bxe5 19. Bb6 Qd7 20. Bd4 Rac8 21. Re1 Qc7 22. Bxe5 dxe5 23. d6 1-0

[Event "Moscow Petrosian Memorial U18"]
[Site "Moscow"]
[Date "2007.01.??"]
[Round "9"]
[White "Voronin, Nikita"]
[Black "Toropov, Pavel"]
[Result "1-0"]
[WhiteElo "2076"]
[BlackElo "2139"]
[PlyCount "87"]
[EventDate "2007.01.??"]
[EventType "swiss"]
[EventRounds "9"]
[EventCountry "RUS"]
[SourceTitle "EXT 2008"]
[Source "ChessBase"]
[SourceDate "2007.11.25"]
[SourceVersion "1"]
[SourceVersionDate "2007.11.25"]
[SourceQuality "1"]

1. d4 d5 2. Nf3 Nf6 3. c4 c6 4. e3 g6 5. Nc3 Bg7 6. Be2 0-0 7. 0-0 dxc4 8. Bxc4 b5 9. Be2 Bb7 10. a3 a5 11. Ne5 Nbd7 12. f4 Qb6 13. Bf3 e6 14. Qe2 Nxe5 15. fxe5 Nd5 16. Ne4 Rad8 17. Bd2 Bh6 18. g4 f5 19. exf6 Nxf6 20. Nc5 Bc8 21. Nd3 Nd7 22. Rac1 Bb7 23. Nc5 Nxc5 24. Rxc5 Rfe8 25. Qe1 b4 26. axb4 axb4 27. Rc4 Ba6 28. Rxc6 Qb5 29. Rf2 e5 30. Rc5 Qb6 31. Rc6 Qb5 32. d5 Bb7 33. Be2 Qa4 34. Rc5 Qa7 35. Rc7 Qb6 36. Rff7 Bxe3+ 37. Bxe3 Qxe3+ 38. Qf2 Qxf2+ 39. Kxf2 Rf8 40. Rxf8+ Rxf8+ 41. Ke3 Bxd5 42. Rc5 Rd8 43. Rxd5 Rxd5 44. Bc4 1-0

[Event "World School-ch U16"]
[Site "Chalkidiki"]
[Date "2005.04.25"]
[Round "5"]
[White "Manelidis, Savvas"]
[Black "Voronin, Nikita"]
[Result "1-0"]
[WhiteElo "2047"]
[BlackElo "2007"]
[PlyCount "39"]
[EventDate "2005.04.22"]
[EventType "swiss"]
[EventRounds "9"]
[EventCountry "GRE"]
[SourceTitle "EXT 2008"]
[Source "ChessBase"]
[SourceDate "2007.11.25"]
[SourceVersion "1"]
[SourceVersionDate "2007.11.25"]
[SourceQuality "1"]

1. e4 c5 2. Nf3 e6 3. c4 Nc6 4. Nc3 d6 5. Be2 Nf6 6. d4 cxd4 7. Nxd4 Be7 8. 0-0 0-0 9. Be3 d5 10. exd5 exd5 11. cxd5 Nb4 12. d6 Bxd6 13. Ndb5 Bb8 14. Bc5 Nc6 15. Bxf8 Qxf8 16. Nd5 Nxd5 17. Qxd5 Be6 18. Qh5 a6 19. Nc3 g6 20. Qh4 1-0

[Event "Moscow Petrosian Memorial U18"]
[Site "Moscow"]
[Date "2005.01.??"]
[Round "6"]
[White "Kuroedov, Nikolay"]
[Black "Voronin, Nikita"]
[Result "1-0"]
[WhiteElo "2146"]
[BlackElo "2033"]
[PlyCount "103"]
[EventDate "2005.01.??"]
[EventType "swiss"]
[EventRounds "9"]
[EventCountry "RUS"]
[SourceTitle "EXT 2006"]
[Source "ChessBase"]
[SourceDate "2005.11.24"]
[SourceVersion "1"]
[SourceVersionDate "2005.11.24"]
[SourceQuality "1"]

1. d4 Nf6 2. c4 e6 3. Nc3 b6 4. a3 Be7 5. e4 d6 6. Nf3 Bb7 7. Bd3 Nbd7 8. Bf4 Nh5 9. Be3 Nhf6 10. 0-0 e5 11. d5 0-0 12. Ne1 g6 13. g3 Nh5 14. f4 Bc8 15. f5 Bg5 16. Qd2 Bxe3+ 17. Qxe3 Ng7 18. g4 g5 19. Be2 f6 20. h4 h6 21. Nf3 Kf7 22. Kg2 Ba6 23. Rh1 Qe7 24. Rh2 Rae8 25. Rah1 Rg8 26. hxg5 hxg5 27. Rh7 Qd8 28. Qg1 Rh8 29. Qh2 Rxh7 30. Qxh7 Rg8 31. Qg6+ Kf8 32. b4 Qe8 33. Qh7 Qf7 34. Qh2 Ke7 35. Rc1 Qf8 36. c5 Bxe2 37. cxd6+ cxd6 38. Nxe2 Rh8 39. Qg3 Qa8 40. Nd2 Rc8 41. Nc4 b5 42. Na5 Rxc1 43. Nxc1 Qc8 44. Nc6+ Kf7 45. Nb3 a6 46. Qe3 Qc7 47. Qh3 Qb6 48. Nba5 Nf8 49. Nb7 Qc7 50. Qh8 Ke8 51. Nbd8 Qd7 52. Qh6 1-0

[Event "Moscow Petrosian Memorial U18"]
[Site "Moscow"]
[Date "2005.01.??"]
[Round "1"]
[White "Voronin, Nikita"]
[Black "Demidov, Alexandr"]
[Result "1/2-1/2"]
[WhiteElo "2033"]
[BlackElo "2213"]
[PlyCount "71"]
[EventDate "2005.01.??"]
[EventType "swiss"]
[EventRounds "9"]
[EventCountry "RUS"]
[SourceTitle "EXT 2006"]
[Source "ChessBase"]
[SourceDate "2005.11.24"]
[SourceVersion "1"]
[SourceVersionDate "2005.11.24"]
[SourceQuality "1"]

1. d4 d5 2. Nf3 Nf6 3. c4 e6 4. Nc3 Nbd7 5. Bg5 Bb4 6. e3 c5 7. cxd5 exd5 8. a3 Bxc3+ 9. bxc3 c4 10. Nd2 Qa5 11. Qc2 0-0 12. Be2 Re8 13. Bf3 Ne4 14. Bxe4 dxe4 15. Bf4 Qd5 16. f3 exf3 17. gxf3 Nf8 18. Kf2 f5 19. Rhg1 Ng6 20. Bg5 Bd7 21. h4 Re6 22. h5 Nh8 23. Rg3 Ra6 24. Rag1 Qf7 25. Bf4 g6 26. Be5 Rc8 27. hxg6 Nxg6 28. f4 Rcc6 29. Qc1 Qe7 30. d5 Rc8 31. d6 Qe6 32. Rh1 Bc6 33. Rxg6+ hxg6 34. Rh8+ Kf7 35. Rh7+ Kf8 36. Rh8+ 1/2-1/2

[Event "Moscow Petrosian Memorial U18"]
[Site "Moscow"]
[Date "2005.01.??"]
[Round "7"]
[White "Voronin, Nikita"]
[Black "Ertel, Tatiana"]
[Result "1-0"]
[WhiteElo "2033"]
[BlackElo "1895"]
[PlyCount "77"]
[EventDate "2005.01.??"]
[EventType "swiss"]
[EventRounds "9"]
[EventCountry "RUS"]
[SourceTitle "EXT 2006"]
[Source "ChessBase"]
[SourceDate "2005.11.24"]
[SourceVersion "1"]
[SourceVersionDate "2005.11.24"]
[SourceQuality "1"]

1. d4 d5 2. c4 e5 3. dxe5 d4 4. Nf3 Nc6 5. Bg5 Bb4+ 6. Bd2 Be6 7. a3 Bxd2+ 8. Nbxd2 Nge7 9. g3 Qd7 10. Bg2 Bh3 11. 0-0 h5 12. Ne4 Bxg2 13. Kxg2 h4 14. Nc5 Qc8 15. e6 fxe6 16. Nxd4 Nxd4 17. Qxd4 hxg3 18. fxg3 e5 19. Qf2 Qh3+ 20. Kg1 Nf5 21. Rad1 Rd8 22. Rxd8+ Kxd8 23. Nxb7+ Ke8 24. Nc5 g6 25. e4 Nd6 26. b3 Qh6 27. Qe2 Ke7 28. Rf2 Qc1+ 29. Kg2 Qxa3 30. Qf3 Rxh2+ 31. Kxh2 Qxc5 32. Kg2 Qd4 33. Qf6+ Kd7 34. Qxg6 Qc3 35. Qg4+ Kc6 36. Qf3 Qc1 37. Qd3 Kb6 38. Rc2 Qe1 39. c5+ 1-0

[Event "Moscow Petrosian Memorial U18"]
[Site "Moscow"]
[Date "2005.01.??"]
[Round "4"]
[White "Voronin, Nikita"]
[Black "Lozbenev, Pavel"]
[Result "0-1"]
[WhiteElo "2033"]
[BlackElo "2118"]
[PlyCount "50"]
[EventDate "2005.01.??"]
[EventType "swiss"]
[EventRounds "9"]
[EventCountry "RUS"]
[SourceTitle "EXT 2006"]
[Source "ChessBase"]
[SourceDate "2005.11.24"]
[SourceVersion "1"]
[SourceVersionDate "2005.11.24"]
[SourceQuality "1"]

1. d4 d5 2. c4 c6 3. Nc3 Nf6 4. Bg5 Ne4 5. Bh4 Qa5 6. Qb3 e5 7. e3 Bb4 8. Rc1 c5 9. f3 Nxc3 10. bxc3 Ba3 11. Rd1 cxd4 12. exd4 Nc6 13. Kf2 exd4 14. cxd5 dxc3 15. Bd3 Qc5+ 16. Kg3 0-0 17. dxc6 g5 18. Bxh7+ Kxh7 19. Rd5 gxh4+ 20. Kxh4 Qb4+ 21. Qxb4 Bxb4 22. Rh5+ Kg6 23. Rg5+ Kf6 24. cxb7 Rh8+ 25. Kg3 Bd6+ 0-1

[Event "Moscow Petrosian Memorial U18"]
[Site "Moscow"]
[Date "2005.01.??"]
[Round "9"]
[White "Voronin, Nikita"]
[Black "Yudin, Ivan"]
[Result "1-0"]
[WhiteElo "2033"]
[BlackElo "2080"]
[PlyCount "87"]
[EventDate "2005.01.??"]
[EventType "swiss"]
[EventRounds "9"]
[EventCountry "RUS"]
[SourceTitle "EXT 2006"]
[Source "ChessBase"]
[SourceDate "2005.11.24"]
[SourceVersion "1"]
[SourceVersionDate "2005.11.24"]
[SourceQuality "1"]

1. d4 d5 2. c4 e6 3. g3 Nf6 4. Bg2 Nbd7 5. Nf3 dxc4 6. 0-0 c5 7. Nbd2 Nb6 8. Nxc4 Nxc4 9. Qa4+ Bd7 10. Qxc4 Rc8 11. Ne5 b5 12. Qd3 c4 13. Qf3 Be7 14. Rd1 0-0 15. e4 b4 16. Nxd7 Qxd7 17. d5 exd5 18. e5 Ne8 19. Rxd5 Qc6 20. Qe2 Qa4 21. Bh3 Rc7 22. Bf4 Qc6 23. Rad1 c3 24. bxc3 bxc3 25. Qc2 Rb7 26. Bd7 Qc4 27. R1d4 Rb2 28. Rxc4 Rxc2 29. Rd3 Rxa2 30. Rcxc3 g5 31. Be3 a5 32. e6 Ng7 33. exf7+ Kxf7 34. Rd5 Bf6 35. Rc6 Rd8 36. Bb6 Ra8 37. Bc8 Ne8 38. Rd7+ Kg6 39. Bb7 Rb8 40. Ba7 Rxb7 41. Rxb7 Ng7 42. Bd4 Ne8 43. Bxf6 Nxf6 44. Rbb6 1-0

[Event "RUS Central Region-ch U16"]
[Site "Tula"]
[Date "2004.11.08"]
[Round "7"]
[White "Voronin, Nikita"]
[Black "Aniskov, Artiom"]
[Result "0-1"]
[WhiteElo "2009"]
[BlackElo "2147"]
[PlyCount "138"]
[EventDate "2004.11.02"]
[EventType "swiss"]
[EventRounds "9"]
[EventCountry "RUS"]
[SourceTitle "EXT 2006"]
[Source "ChessBase"]
[SourceDate "2005.11.24"]
[SourceVersion "1"]
[SourceVersionDate "2005.11.24"]
[SourceQuality "1"]

1. d4 Nf6 2. c4 e6 3. g3 d5 4. Bg2 Be7 5. Nc3 c6 6. Nf3 Nbd7 7. 0-0 b6 8. cxd5 cxd5 9. Bf4 Nh5 10. Bd2 Bb7 11. Ne5 Nhf6 12. Rc1 0-0 13. Nb5 a6 14. Nxd7 Nxd7 15. Nc3 Rc8 16. e4 dxe4 17. Nxe4 Rxc1 18. Bxc1 Qa8 19. f3 Nf6 20. Re1 Bd5 21. b3 h6 22. Bf4 Bc6 23. Be5 Nd5 24. f4 f6 25. Bd6 f5 26. Be5 fxe4 27. Qg4 Nf6 28. Qxe6+ Rf7 29. Rc1 Bd7 30. Qxb6 Nd5 31. Qg6 Bf5 32. Qh5 Ba3 33. Re1 Bb4 34. Rxe4 Bxe4 35. Bxe4 Qd8 36. Bxg7 Nf6 37. Bxf6 Rxf6 38. d5 Qe7 39. Bf5 Qg7 40. Be6+ Kh8 41. Qe5 Rf8 42. Qe2 Qd4+ 43. Kg2 Qd2 44. Qxd2 Bxd2 45. Kf3 Kg7 46. Ke4 Kf6 47. f5 Bb4 48. Kd4 Bd6 49. Kc4 Rb8 50. Kc3 Rb4 51. Kd3 Ke5 52. Bc8 a5 53. Be6 Rd4+ 54. Ke3 Rd1 55. h4 Ra1 56. g4 Be7 57. g5 hxg5 58. hxg5 Bxg5+ 59. Kd3 Rxa2 60. Kc4 Be7 61. d6 Bxd6 62. Kb5 Bb4 63. Kc6 Rd2 64. Kb5 Rc2 65. Kb6 Kd6 66. Bc4 Rf2 67. Be6 Rf3 68. Kb5 Rf4 69. Bc8 Re4 0-1

[Event "RUS Central Region-ch U16"]
[Site "Tula"]
[Date "2004.11.04"]
[Round "3"]
[White "Morev, Ivan"]
[Black "Voronin, Nikita"]
[Result "1-0"]
[WhiteElo "2152"]
[BlackElo "2009"]
[PlyCount "61"]
[EventDate "2004.11.02"]
[EventType "swiss"]
[EventRounds "9"]
[EventCountry "RUS"]
[SourceTitle "EXT 2006"]
[Source "ChessBase"]
[SourceDate "2005.11.24"]
[SourceVersion "1"]
[SourceVersionDate "2005.11.24"]
[SourceQuality "1"]

1. e4 c5 2. Nf3 d6 3. Bb5+ Bd7 4. Bxd7+ Nxd7 5. 0-0 g6 6. c3 Ngf6 7. Re1 Bg7 8. d4 cxd4 9. cxd4 0-0 10. Nc3 Nb6 11. Qd3 Rc8 12. b3 a6 13. Bd2 Re8 14. Nd1 e5 15. Ba5 exd4 16. Nb2 Nfd7 17. Nc4 d5 18. Nxb6 Nxb6 19. e5 Bf8 20. Rac1 Re6 21. Rxc8 Qxc8 22. Nxd4 Bc5 23. Nxe6 fxe6 24. Bd2 Qf8 25. Be3 Bb4 26. Rc1 Nd7 27. Qd4 Ba5 28. Qa7 Nxe5 29. Qxb7 Ng4 30. Rc8 Bd8 31. Qd7 1-0